Nové trendy vo virtuálnej realite

Príspevok charakterizuje trendy v oblasti virtuálnej reality za posledné roky a súčasnosť so zameraním na vyspelejšie, ale i cenovo dostupné prevedenia. K využívaniu virtuálnej reality a využitia v multimédiách treba pristupovať zodpovedne a s rozumom a myslieť aj na následky, ktoré so sebou prináša...

Description complète

Enregistré dans:
Détails bibliographiques
Auteur principal: Graca, Martin
Format: Chapitre de livre
Langue:slovaque
Sujets:
Tags: Ajouter un tag
Pas de tags, Soyez le premier à ajouter un tag!

MARC

LEADER 00000nla a2200000 4500
001 0231013
005 20240417075119.8
041 0 |a slo 
044 |a SK 
245 1 0 |a Nové trendy vo virtuálnej realite  |c Martin Graca 
520 |a Príspevok charakterizuje trendy v oblasti virtuálnej reality za posledné roky a súčasnosť so zameraním na vyspelejšie, ale i cenovo dostupné prevedenia. K využívaniu virtuálnej reality a využitia v multimédiách treba pristupovať zodpovedne a s rozumom a myslieť aj na následky, ktoré so sebou prinášajú. Narastajúca obľúbenosť virtuálnej reality je však neodvratná a len budúcnosť ukáže, ako sa dá ešte vylepšiť. 
610 2 0 |a technológie nové 
610 2 0 |a realita virtuálna 
610 2 0 |a psychológia 
100 1 |a Graca, Martin